Economics, management, law: problems and prospects collection of scientific articles : international scientific and practical conference
Salvato in:
| Ente Autore: | |
|---|---|
| Altri autori: | , , |
| Natura: | Libro |
| Lingua: | inglese russo ucraino |
| Pubblicazione: |
Coventry
Agenda Publishing House
2015
|
| Edizione: | 1. vyd. |
| Soggetti: | |
| Tags: |
Nessun Tag, puoi essere il primo ad aggiungerne!!
|
MARC
| LEADER | 00000nlm a2200000 4500 | ||
|---|---|---|---|
| 001 | 0209505 | ||
| 005 | 20240416113812.8 | ||
| 020 | |a 978-617-7214-07-5 | ||
| 041 | 0 | |a eng | |
| 041 | 0 | |a rus | |
| 041 | 0 | |a ukr | |
| 044 | |a GB | ||
| 245 | 1 | 0 | |a Economics, management, law: problems and prospects |b collection of scientific articles : international scientific and practical conference |c science editor: S. I. Drobyazko ; reviewers: Carmine Bianchi, Jill Solomon Atkins |
| 250 | |a 1. vyd. | ||
| 264 | 1 | |a Coventry |b Agenda Publishing House |c 2015 | |
| 300 | |a CD-ROM [308 s.] | ||
| 610 | 2 | 0 | |a ekonómia |
| 610 | 2 | 0 | |a manažment |
| 610 | 2 | 0 | |a právo |
| 610 | 2 | 0 | |a peniaze |
| 610 | 2 | 0 | |a financie |
| 610 | 2 | 0 | |a účtovníctvo |
| 610 | 2 | 0 | |a audit |
| 610 | 2 | 0 | |a dane |
| 610 | 2 | 0 | |a bezpečnosť ekonomická |
| 610 | 2 | 0 | |a metódy matematické |
| 610 | 2 | 0 | |a správa štátna |
| 610 | 2 | 0 | |a samospráva |
| 610 | 2 | 0 | |a ruch cestovný |
| 610 | 2 | 0 | |a marketing |
| 700 | 1 | |a Drobyazko, S. I. | |
| 700 | 1 | |a Bianchi, Carmine | |
| 700 | 1 | |a Atkins, Jill Solomon | |
| 110 | 2 | |a Economics, management, law: problems and prospects. International scientific and practical conference | |